Turns and returns : memories of a Navy doctor on Guadalcanal and other South Sea islands /

Bibliographic Details
Main Author: Burnham, DeWitt Kinne
Format: Book
Language:English
Published: ©1986
Subjects:

MARC

Tag First Indicator Second Indicator Subfields
LEADER 00000cam a2200000Ia 4500
001 in00001564607
005 20151022092013.0
008 880802t19871986caua 000 0aeng d
035 |a (OCoLC)ocm18302864 
040 |a CUF  |c CUF  |d UtOrBLW 
043 |a po----- 
049 |a TXAM 
090 |a D767.98  |b .B87 1987 
100 1 |a Burnham, DeWitt Kinne. 
245 1 0 |a Turns and returns :  |b memories of a Navy doctor on Guadalcanal and other South Sea islands /  |c DeWitt Kinne Burnham. 
264 3 |a San Francisco :  |b Privately printed,  |c 1987 
264 3 |a Petaluma, Calif. :  |b Anchor & Acorn Press 
264 4 |c ©1986 
300 |a 92 pages :  |b illustrations ;  |c 27 cm. 
336 |a text  |b txt  |2 rdacontent 
337 |a unmediated  |b n  |2 rdamedia 
338 |a volume  |b nc  |2 rdacarrier 
500 |a One hundred copies printed. 
600 1 0 |a Burnham, DeWitt Kinne. 
650 0 |a Physicians  |z Oceania  |x Biography. 
650 0 |a World War, 1939-1945  |v Personal narratives, American. 
651 0 |a Guadalcanal (Solomon Islands) 
651 0 |a Oceania. 
948 |a cataloged  |b h  |c 2000/11/30  |d o  |e randrew  |f 4:03:36 pm 
994 |a E0  |b TXA 
999 |a MARS 
999 f f |s c3daea0a-1adf-3dc8-8d5a-cb2611fcff96  |i 8cadf194-0b0f-31e5-887f-f3ccf607f8dc  |t 0 
952 f f |p noncirc  |a Texas A&M University  |b College Station  |c Cushing Memorial Library & Archives  |d Cushing: Ragan Military (Does not check out)  |t 0  |e D767.98 .B87 1987  |h Library of Congress classification  |i unmediated -- volume  |m A14852649244 
998 f f |a D767.98 .B87 1987  |t 0  |l Cushing: Ragan Military (Does not check out)